000 00213 a2200097 4500
001 46859
100 _aCook C
245 _aModern warfare
260 _aLondon
_bWeidenfeld and nicolson
_c
090 _c29945
_d29945
942 _aNUST-CAE
_cM
_c22163
999 _c281932
_d281932